Music Quiz

Random Music or Song Quiz
Score 0/100 Timer 10:00
10 Plays Today
Song Artist % Correct
Crocodile RockElton John
96.7%
DanielElton John
96.7%
You're So VainCarly Simon
92.9%
Right Place, Wrong TimeDr. John
91.8%
You Are the Sunshine of My LifeStevie Wonder
90.8%
SuperstitionStevie Wonder
90.8%
Higher GroundStevie Wonder
90.8%
Loves Me Like a RockPaul Simon
90.3%
KodachromePaul Simon
90.3%
My LovePaul McCartney & Wings
87.5%
Live and Let DiePaul McCartney & Wings
87.5%
Let's Get It OnMarvin Gaye
86.5%
Killing Me Softly with His SongRoberta Flack
82.9%
AngieThe Rolling Stones
81.6%
Rocky Mountain HighJohn Denver
80.2%
Space OddityDavid Bowie
80.2%
Bad, Bad Leroy BrownJim Croce
78.2%
Tie a Yellow Ribbon Round the Ole Oak TreeDawn featuring Tony Orlando
77.1%
Say, Has Anybody Seen My Sweet Gypsy RoseTony Orlando & Dawn
77.1%
Smoke on the WaterDeep Purple
76.1%
Neither One of Us (Wants to Be the First to Say Goodbye)Gladys Knight & the Pips
74.8%
Midnight Train to GeorgiaGladys Knight & the Pips
74.7%
Half-BreedCher
72.4%
Reelin' in the YearsSteely Dan
66.6%
Do It AgainSteely Dan
66.6%
Ramblin' ManThe Allman Brothers Band
63.8%
MasterpieceThe Temptations
62.2%
Papa Was a Rollin' StoneThe Temptations
62.2%
Stuck in the Middle with YouStealers Wheel
58.9%
We're an American BandGrand Funk
58.5%
Give Me Love (Give Me Peace on Earth)George Harrison
57.6%
Long Train Runnin'The Doobie Brothers
57.2%
FrankensteinThe Edgar Winter Group
55.7%
Free RideThe Edgar Winter Group
55.7%
Song Artist % Correct
Touch Me in the MorningDiana Ross
54.7%
SingCarpenters
54.5%
Yesteday Once MoreCarpenters
54.5%
Love TrainThe O'Jays
53.8%
MoneyPink Floyd
53.5%
Feelin' Stronger Every DayChicago
52.4%
The Cisco KidWar
51.3%
Gypsy ManWar
51.3%
The World Is a GhettoWar
51.3%
Delta DawnHelen Reddy
51%
PeacefulHelen Reddy
51%
The Night the Lights Went Out in GeorgiaVicki Lawrence
50.5%
ShambalaThree Dog Night
50.5%
Your Mama Don't DanceLoggins and Messina
48.2%
The Cover of 'Rolling Stone'Dr. Hook & the Medicine Show
46.8%
Boogie Woogie Bugle BoyBette Midler
46.1%
Do You Want to Dance?Bette Midler
46.1%
Drift AwayDobie Gray
42.5%
Behind Closed DoorsCharlie Rich
41.6%
SuperflyCurtis Mayfield
41.4%
Will It Go Round in CirclesBilly Preston
40.9%
Danny's SongAnne Murray
40.8%
Could It Be I'm Falling in LoveThe Spinners
39.7%
One of a Kind (Love Affair)The Spinners
39.7%
Ain't No Woman (Like the One I've Got)Four Tops
37.5%
Daddy's HomeJermaine Jackson
37.3%
Diamond GirlSeals and Crofts
36.1%
Me and Mrs. JonesBilly Paul
36%
Little WillyThe Sweet
34.3%
Hocus PocusFocus
34.2%
Monster MashBobby 'Boris' Pickett & the Crypt-Kickers
32.5%
The Twelfth of NeverDonny Osmond
32.3%
Get DownGilbert O'Sullivan
31.6%
ClairGilbert O'Sullivan
31.6%
Song Artist % Correct
If You Want Me to StaySly and the Family Stone
30.9%
I'm Gonna Love You Just a Little More BabyBarry White
30.7%
Call Me (Come Back Home)Al Green
30%
The Morning AfterMaureen McGovern
29.7%
Oh, Babe, What Would You Say?Hurricane Smith
25.5%
That LadyThe Isley Brothers
25%
Keep on Truckin', Pt. 1Eddie Kendricks
24.4%
Dancing in the MoonlightKing Harvest
24%
It Never Rains in Southern CaliforniaAlbert Hammond
22.2%
Break Up to Make UpThe Stylistics
22.1%
Funny FaceDonna Fargo
21%
Rockin' Pneumonia and the Boogie Woogie FluJohnny Rivers
20.9%
I Believe in You (You Believe in Me)Johnnie Taylor
20.3%
Brother LouieStories
19.4%
Stir It UpJohnny Nash
18.3%
Why MeKris Kristofferson
17.4%
Yes We Can CanPointer Sisters
17.2%
Why Can't We Live TogetherTimmy Thomas
17%
Pillow TalkSylvia
16.5%
My MariaB.W. Stevenson
16.3%
Playground in My MindClint Holmes
15.6%
Funky WormOhio Players
14%
Jambalaya (On the Bayou)The Blue Ridge Rangers (John Fogerty)
12.6%
Last SongEdward Bear
12.4%
Don't Expect Me to Be Your FriendLobo
12.2%
Dueling BanjosEric Weissberg & Steve Mandell
10.9%
Also Sprach ZarathustraEumir Deodato
9.7%
WildflowerSkylark
9.6%
Natural HighBloodstone
8.6%
Daisy a DayJud Strunk
8.5%
So Very Hard to GoTower of Power
8.1%
I'm Doin' Fine NowNew York City
7.8%

You're not logged in!

Compare scores with friends on all Sporcle quizzes.
OR
Log In

Sporcle TV

Today on Sporcle TV


Watch our educational content, quiz creation guides, and fun videos on Sporcle TV.

Show Comments

Extras

Top Quizzes Today


Score Distribution

Your Account Isn't Verified!

In order to create a playlist on Sporcle, you need to verify the email address you used during registration. Go to your Sporcle Settings to finish the process.

Report this User

Report this user for behavior that violates our Community Guidelines.

Details: